| 000 | 00889pam a2200241 a 4500 | ||
|---|---|---|---|
| 001 | 2962605 | ||
| 005 | 20171218095828.0 | ||
| 008 | 910515r19921991nyu b 001 0 eng | ||
| 010 | _a 91050487 | ||
| 020 |
_a0679733388 : _c$11.00 ($14.00 Can.) |
||
| 040 |
_aDLC _cDLC _dDLC _dWaU _dDLC |
||
| 041 | _aeng | ||
| 043 | _an-us--- | ||
| 080 | _a649.1 PHI | ||
| 082 | 0 | 0 |
_a649.1 PHI _220 |
| 100 | 1 | _a49 | |
| 101 | _aPSI | ||
| 245 | 1 | 0 |
_aSpare the child : _cPhilip Greven. |
| 504 | _aIncludes bibliographical references (p. [223]-248) and index. | ||
| 906 |
_a7 _bcbc _corignew _d1 _eocip _f19 _gy-gencatlg |
||
| 942 |
_2ddc _cBK |
||
| 999 |
_c39126 _d39126 |
||